[Event "FIDE Zonal 2.5"]
[Site "Villa Martelli-Vicente Lopez"]
[Date "2017.05.05"]
[Round "6"]
[White "Morovic Fernandez, Ivan"]
[Black "Lopez Azambuja, Nicolas"]
[Result "1-0"]
[WhiteElo "2527"]
[BlackElo "2269"]
[Annotator "TA"]
[PlyCount "193"]
[EventDate "2017.??.??"]
[EventType "swiss"]
[EventCountry "ARG"]
[SourceTitle "playchess.com"]
[Source "ChessBase"]
[SourceQuality "1"]

{[%evp 16,193,0,0,0,0,0,0,-6,-9,2,0,0,6,161,175,220,231,231,218,403,247,239,242,247,235,747,329,309,300,283,136,137,139,137,137,138,137,157,156,158,156,159,151,144,143,143,138,153,105,143,143,143,143,130,130,143,143,143,143,143,116,155,152,140,137,144,0,0,0,0,0,0,0,0,0,0,0,0,0,0,0,0,0,0,0,0,0,0,0,0,0,0,0,105,105,105,105,105,105,105,105,105,105,105,105,105,105,106,106,118,0,0,0,0,0,0,0,0,0,0,0,0,0,0,0,0,0,0,0,0,0,0,0,0,0,0,0,0,0,0,0,0,0,0,0,0,0,0,0,0,0,0,0,0,0,0,0,0,0,0,0,0,0,0,0,0,0,0,0,0,0,0,0,0,0,0,0,127,0]} 1. d4 Nf6 2. Nf3 e6 3. e3 c5 4. Bd3 d5 5. b3 Nc6 6. Bb2 Bd6 7. O-O O-O 8. a3 b6 9. Nbd2 Bb7 {D05: Colle System with ...e6} 10. Qe2 Rc8 11. Rfd1 (11. Ne5 Ne7 12. dxc5 bxc5 13. c4 Qc7 14. f4 Nf5 15. cxd5 Nxd5 16. Ndc4 Nf6 17. e4 {½-½ (68) Sambuev,B (2539)-Mareco,S (2645) chess.com INT 2017}) 11... Re8 $146 {The position is equal.} ({Predecessor:} 11... Qe7 12. Ne5 Na5 13. f4 Rfd8 14. Ndf3 Ne4 15. dxc5 bxc5 16. Bxe4 dxe4 17. Nd2 {0-1 (53) Ratkovic,M (2402)-Zajic,M (2480) Belgrade 2016}) 12. Ne5 Qc7 {[%cal Rc6e5]} 13. f4 Ne7 14. Rac1 Ne4 $2 (14... Ng6 $11 {and Black has nothing to worry.}) 15. dxc5 $1 $18 bxc5 16. Bxe4 $1 dxe4 17. Ndc4 Rcd8 $2 (17... Nd5 18. Nxd6 Qxd6) 18. Rxd6 ({Less strong is} 18. Nxd6 Rxd6 19. Rxd6 Qxd6 $18) 18... Rxd6 19. Nxd6 Qxd6 20. Rd1 Qb6 $2 (20... Nd5 21. c4 Qe7 22. cxd5 exd5) 21. Rd7 (21. Qh5 $142 Ng6 22. Nxf7 $1 {[%mdl 512]} Kxf7 23. Qxh7) 21... Ng6 22. Qh5 Rf8 {[#]} 23. Nxg6 (23. Ng4 $1 $18 Qa5 24. b4) 23... hxg6 $16 24. Qe5 {[%csl Gb2][%cal Re5g7]} f6 25. Qc7 Qxc7 26. Rxc7 {[%mdl 4096] Endgame KRB-KRB} Rb8 27. Kf2 c4 28. Rxc4 Rc8 29. Rxc8+ Bxc8 {KB-KB} 30. Bd4 a6 31. h4 Kf7 32. g4 e5 33. fxe5 Bxg4 34. Ke1 Ke6 35. c4 g5 36. exf6 gxf6 37. hxg5 fxg5 38. Kd2 Bh5 39. Ba7 Kf5 40. a4 Kg4 {[#]} 41. Kc3 ({White must play} 41. b4 $1 $16) 41... Be8 $1 $11 42. Kd4 Kf3 43. Bb8 g4 44. a5 Bc6 45. b4 ({Not} 45. Kc5 $2 Kxe3 46. b4 (46. Kxc6 $2 Kf3 $19) 46... Kf2 $19) 45... g3 46. Bf4 g2 47. Bh2 Kf2 {[#]} 48. b5 $1 {[%mdl 512]} Ba8 (48... axb5 49. cxb5) 49. bxa6 g1=Q 50. Bxg1+ Kxg1 {KB-KP} 51. c5 {aiming for Ke5.} Kf2 52. Ke5 Kxe3 {KB-K3P} 53. Kd6 {c6 is the strong threat.} Kf2 54. c6 Bxc6 (54... e3 $11 55. c7 e2) 55. Kxc6 {KPP-KP} e3 56. a7 e2 57. a8=Q {White threatens Qf8+ and mate.} e1=Q $16 {( -> ...Qh1+). KQ-KQ} 58. Qf8+ Kg2 59. Qg8+ Kh2 60. Qh7+ Kg2 61. Qg6+ Kh2 62. Qd6+ Kg2 63. a6 (63. Qd5+ $16 Kg3 64. Qd6+ Kh3 65. Qd3+ Kh4 66. a6) 63... Qc3+ 64. Qc5 Qf6+ 65. Qd6 Qc3+ 66. Kd7 (66. Kb5 $5 {[%cal Rd6c6]} Qg7 67. Qc5 $18) 66... Qg7+ 67. Kc8 Qg8+ 68. Kc7 Qf7+ 69. Kc8 Qe8+ 70. Kb7 Qf7+ 71. Qc7 Qb3+ 72. Ka7 Qe3+ 73. Qb6 Qe8 74. Qb7+ Kg1 75. Qd5 Qe7+ 76. Kb6 Qb4+ 77. Kc6 {Intending Qc5+ and mate.} (77. Qb5 $5 {[%cal Rb5b4]} Qd6+ 78. Qc6 Qb4+ 79. Kc7 Qe7+ 80. Qd7 Qc5+ 81. Kb8 Qe5+ 82. Kb7 $18) 77... Qa4+ 78. Kb6 Qb4+ 79. Kc6 (79. Qb5 $5 {[%cal Rb5b4]} Qd6+ 80. Kb7 Qe7+ 81. Ka8 $18) 79... Qa4+ 80. Qb5 Qe4+ 81. Kb6 {Hoping for Qc5+.} Qe6+ 82. Ka7 (82. Ka5 $5 {[%cal Rb5b6]} Qe1+ 83. Kb6 $18) 82... Qe7+ 83. Qb7 (83. Kb6 $5 {[%cal Rb5c5]} Qd8+ 84. Ka7 Qc7+ 85. Qb7 $18) 83... Qe8 84. Qc7 Kg2 85. Kb6 Qe3+ 86. Qc5 Qb3+ 87. Ka5 Qa2+ 88. Kb6 {And now Qc6+ would win.} Qb3+ 89. Kc7 {Strongly threatening Qc6+.} Qf7+ 90. Kc8 Qe6+ 91. Kb7 {Black must now prevent Qc6+.} Qd7+ 92. Kb6 Qd8+ 93. Kb5 Qd3+ 94. Qc4 Qf5+ 95. Kb4 Qb1+ 96. Kc5 {Threatens to win with a7.} Qg1+ (96... Qa1 $11 {keeps the balance.} 97. Qd5+ Kh3 98. Qd7+ Kg3) 97. Kc6 {[%mdl 32768] Precision: White = 65%, Black = 77%. . Sensor Board Error (Ke4/e5)?} (97. Qd4 $16 Qc1+ 98. Kb6 Qh6+ 99. Kb5 Qh5+ 100. Kb4) 1-0

[Event "FIDE Zonal 2.5"]
[Site "Villa Martelli-Vicente Lopez"]
[Date "2017.05.05"]
[Round "6"]
[White "Krysa, Leandro"]
[Black "Mareco, Sandro"]
[Result "0-1"]
[WhiteElo "2517"]
[BlackElo "2655"]
[Annotator "TA"]
[PlyCount "114"]
[EventDate "2017.??.??"]
[EventType "swiss"]
[EventCountry "ARG"]
[SourceTitle "playchess.com"]
[Source "ChessBase"]
[SourceQuality "1"]

{[%evp 20,114,29,26,25,-83,-86,-79,-72,-100,-94,-104,-100,-99,-107,-120,-119,-142,-147,-140,-99,-105,-106,-99,-103,-97,-83,-86,-87,-79,-69,-86,-62,-82,-69,-64,-68,-72,-66,-69,-79,-77,-68,-114,-66,-66,-75,-68,-74,-58,-69,-71,-50,-57,-41,-60,-54,-73,-70,-111,-70,-105,-104,-148,-148,-148,-148,-148,-148,-148,-148,-131,-130,-133,-130,-270,-263,-382,-359,-495,-393,-390,-385,-385,-370,-320,-257,-246,-246,-488,-488,-481,-419,-403,-381,-691,-658]} 1. d4 d5 2. c4 dxc4 3. Nf3 Nf6 4. e3 e6 5. Bxc4 a6 6. O-O c5 7. Bb3 cxd4 8. exd4 Nc6 9. Bg5 Be7 10. Nc3 O-O 11. Re1 b5 {D27: Queen's Gambit Accepted: Classical main line: 7 e4!? and 7 a4} 12. Qe2 (12. Bxf6 $11 Bxf6 13. d5) 12... Nxd4 $17 13. Nxd4 Qxd4 {Black is better.} 14. Rad1 Qa7 $1 15. Rd3 $146 ({Predecessor:} 15. Bc2 Bb7 16. Rd7 Nxd7 17. Bxe7 Rfe8 18. Qd3 Nf8 19. Bxf8 Kxf8 20. Qxh7 {0-1 (28) Hendriks,W (2338)-Dreev,A (2685) ICC INT 2001}) 15... Bb7 16. Rg3 Rfe8 17. Qe5 {[#] Bxf6 is the strong threat.} Qb8 $1 18. Qd4 {[#]} Nh5 $1 {[%cal Rh5g3]} 19. Rg4 {Threatens to win with Bxe7.} Qd8 20. Qxd8 Raxd8 21. Bxe7 Rxe7 22. a4 Bc6 23. axb5 axb5 24. Rb4 Rb7 25. Ra1 g5 26. h4 gxh4 27. Rxh4 Nf6 28. Rd1 Rxd1+ 29. Nxd1 Rd7 30. Kf1 Ne4 31. Ke1 Kg7 32. f3 Nc5 33. Bc2 f5 34. Ke2 h6 35. Nc3 Rb7 36. Na2 Bd7 37. b4 Na6 38. Rd4 Nb8 39. f4 Bc6 40. Rd3 Kf6 {aiming for ...Rg7.} 41. Rh3 Bxg2 42. Rxh6+ Kg7 43. Rh2 Bd5 44. Nc3 Rc7 45. Rh3 Na6 46. Rg3+ Kf8 47. Nxd5 (47. Bxf5 $17 {was forced.} Rxc3 48. Rxc3 exf5 49. Ke3) 47... Rxc2+ {[%mdl 4096] Endgame KRN-KRN} 48. Kd3 (48. Kd1 $142 Rc4 49. Ra3) 48... Rc4 $19 49. Rg6 Re4 (49... exd5 $2 50. Rxa6 Ke7 51. Ra5 Rxb4 52. Kc3 Rc4+ 53. Kd2 $19) 50. Nc3 Nxb4+ 51. Kd2 Rd4+ 52. Ke2 Kf7 (52... Rxf4 53. Rxe6 Kf7 54. Rb6 $15) 53. Rh6 Nd5 54. Nxd5 $2 (54. Nxb5 Re4+ 55. Kd2) 54... Rxd5 ({Not} 54... exd5 55. Rh7+ Kf6 56. Rh6+ Kf7 57. Rh7+ Ke6 58. Rh6+ Ke7 59. Ke3 Re4+ 60. Kf3 $19) 55. Rh7+ Ke8 56. Rb7 Rd4 57. Ke3 $2 (57. Rxb5 Rxf4 58. Rb7) 57... Re4+ {Precision: White = 60%, Black = 81%.} 0-1

[Event "FIDE Zonal 2.5"]
[Site "Villa Martelli-Vicente Lopez"]
[Date "2017.05.05"]
[Round "6"]
[White "Real De Azua, Ernesto"]
[Black "Amura, Claudia"]
[Result "1-0"]
[WhiteElo "2478"]
[BlackElo "2261"]
[Annotator "TA"]
[PlyCount "71"]
[EventDate "2017.??.??"]
[EventType "swiss"]
[EventCountry "ARG"]
[SourceTitle "playchess.com"]
[Source "ChessBase"]
[SourceQuality "1"]

{[%evp 21,71,36,46,54,48,59,50,46,79,49,43,39,113,114,144,144,144,142,137,156,191,181,207,199,217,110,107,96,152,155,179,182,308,309,458,457,550,535,595,584,822,627,598,598,598,377,715,370,588,448,439,439]} 1. c4 e6 2. Nc3 d5 3. d4 c5 4. cxd5 exd5 5. Nf3 Nc6 6. g3 c4 7. Bg2 Bb4 8. O-O Nge7 9. e4 O-O 10. exd5 Nxd5 11. Nxd5 Qxd5 12. Be3 {D33: Tarrasch Defence: 6 g3 sidelines} Qb5 (12... Bf5 13. Ne5 Be4 14. Nxc6 Qxc6 15. Bxe4 Qxe4 16. Qa4 Be7 17. Rfc1 h5 18. Qxc4 Rfd8 19. Qb5 Bf6 20. Rc7 Rd5 21. Qxb7 Rad8 22. Rc5 h4 23. Rxd5 Rxd5 24. Rc1 Kh7 25. Qc6 Bxd4 26. Bxd4 h3 {½-½ (26) Korotylev,A (2607)-Chadaev,N (2471) Moscow 2008}) 13. d5 {Strongly threatening a4.} Ne7 14. Ne5 $146 {White is slightly better.} ({Predecessor:} 14. Nd4 Qa6 15. Qe2 Bf5 16. Nxf5 Nxf5 17. Rfc1 b5 18. a4 Nxe3 19. Qxe3 bxa4 {½-½ (41) Zaiatz,E (2290)-Sosnowska,E (2040) Warsaw 1999}) 14... Ng6 15. Qd4 Nxe5 16. Qxe5 Re8 (16... Bd7 $1 $14) 17. a4 $36 {[%cal Ba2a4,Ba4b5,Bb5b6][%mdl 2080] White is in control.} Rxe5 18. axb5 Bd7 19. b6 (19. Rxa7 $6 Rxa7 20. Bxa7 Bxb5 $14) 19... a5 {[#]} 20. d6 $1 {[%mdl 512]} Rb8 {[#]} (20... Bxd6 21. Rfd1) 21. Rfc1 $1 Bb5 {[#]} ({Of course not} 21... Bxd6 22. Rd1 $18 (22. Rxc4 Bb5 $16)) 22. d7 $1 {[%mdl 512]} Re7 (22... Bxd7 23. Bf4) 23. Bxb7 (23. Bf4 $18 Rd8 24. Bxb7) 23... Rxd7 24. Bf3 Ba6 (24... g6 $142) 25. Rd1 Rd3 26. Be4 Rb3 (26... Rxe3 $142 27. fxe3 g6) 27. Rd7 $18 c3 (27... g5 $142 28. Bd5 (28. Bxg5 Rxb6 29. Rd8+ Kg7 $18) 28... Rd3 29. Bxf7+ Kg7) 28. bxc3 Bxc3 29. Rad1 {White wants to mate with Rd8+.} g5 30. Bd5 R3xb6 31. Bxf7+ Kh8 32. Bxb6 Rxb6 33. Rc7 Bf6 $2 (33... Be5) 34. Bc4 a4 (34... Bxc4 $142 35. Rxc4 Kg8) 35. Rdd7 {[%csl Gc7][%cal Rd7h7]} Bxc4 36. Rxc4 {Precision: White = 83%, Black = 37%.} 1-0

[Event "FIDE Zonal 2.5"]
[Site "Villa Martelli-Vicente Lopez"]
[Date "2017.05.05"]
[Round "6"]
[White "Salinas Herrera, Pablo"]
[Black "Vasquez Schroeder, Rodrigo"]
[Result "0-1"]
[WhiteElo "2453"]
[BlackElo "2554"]
[Annotator "TA"]
[PlyCount "150"]
[EventDate "2017.??.??"]
[EventType "swiss"]
[EventCountry "ARG"]
[SourceTitle "playchess.com"]
[Source "ChessBase"]
[SourceQuality "1"]

{[%evp 9,150,30,44,47,55,23,29,19,35,18,14,8,30,0,15,5,5,0,0,-5,16,4,8,-12,15,-25,-1,-21,-41,-36,-33,-59,-24,-28,-15,-66,-62,-183,-163,-185,-76,-84,-66,-129,-119,-260,-193,-193,-201,-199,-202,-227,-172,-183,-111,-114,-122,-254,-7,-274,-272,-290,-282,-266,-158,-215,-228,-302,-302,-308,-260,-343,-327,-542,-377,-382,-373,-386,-386,-378,-375,-391,-387,-366,-371,-438,-377,-437,-422,-537,-405,-602,-587,-652,-632,-781,-761,-818,-803,-918,-569,-587,-564,-591,-591,-653,-647,-685,-657,-639,-568,-894,-872,-988,-915,-1279,-795,-2022,-1274,-1372,-1164,-1037,-869,-5110,-5363,-29976,-29972,-29987,-29988,-29988,-29989,-29990,-29991,-29991,-29990,-29990,-29991,-29991,-29990,-29991,-29991,-29991,-29992]} 1. d4 Nf6 2. c4 c5 3. d5 b5 4. Qc2 bxc4 5. e4 d6 6. Bxc4 {A57: Benko/Volga Gambit} g6 7. Ne2 (7. Nc3 Bg7 8. Nf3 Nbd7 9. h3 O-O 10. O-O Rb8 11. Re1 Nh5 12. Be2 Ne5 13. Nxe5 Bxe5 14. Bxh5 gxh5 15. Bh6 Re8 16. Qd2 Kh8 17. Bf4 Bd4 18. Be3 {0-1 (63) Dreev,A (2644)-Perunovic,M (2622) Berlin 2015}) 7... Bg7 8. O-O {White has an edge.} O-O 9. Nec3 $146 ({Predecessor:} 9. Bd2 Nbd7 10. Ng3 Rb8 11. Na3 Qb6 12. Bc3 Ne5 13. f4 Nxc4 14. Nxc4 {1-0 (30) Gretarsson,H (2320)-Edvardsson,K (2255) Reykjavik 2009}) 9... Nbd7 10. Be2 Ne8 11. Be3 Nc7 12. Nd2 Ba6 {aiming for ...Bxc3.} 13. Bxa6 Nxa6 14. a3 Nb6 15. Rad1 Qd7 16. f4 Nc7 17. Nf3 Nb5 18. Nb1 Rac8 19. Qe2 a6 20. Kh1 e6 21. dxe6 Qxe6 22. Ng5 (22. e5 $11) 22... Qe7 {Strongly threatening ...h6.} 23. a4 (23. Qc2 $15) 23... Nxa4 $19 {Threatens to win with ...h6.} 24. e5 Nb6 (24... dxe5 $19 25. fxe5 Bxe5) 25. b4 $17 Nd7 {[%cal Bb6d7,Bd7c5,Bc5b3][%mdl 32]} ({But not} 25... dxe5 $6 26. Bxc5 Rxc5 27. bxc5 Qxc5 28. fxe5 $11) 26. Qa2 (26. Qd2 $15) 26... dxe5 27. f5 (27. Qxa6 $17 Rb8 28. bxc5) 27... Nd4 28. fxg6 hxg6 29. bxc5 Nf5 ({Much less strong is} 29... Nxc5 30. Nc3) 30. Bc1 Nxc5 {Hoping for ...e4.} 31. Nc3 Rfd8 (31... Ne6 $1 $19 32. Nxe6 Qxe6 33. Qxe6 fxe6) 32. Nd5 Qb7 33. Ba3 (33. Nxf7 $17 Rxd5 34. Nd6 Nxd6 35. Rxd5) 33... Rd7 $2 {[#]} (33... Nb3 $19 34. Nc3 Rxd1 35. Rxd1 a5) 34. Rd2 $2 {[%mdl 8192]} (34. Nb6 $1 $11 {[%mdl 512] and White has nothing to worry.} Rxd1 (34... Qxb6 35. Rxd7) 35. Rxd1 Qxb6 36. Qxf7+ Kh8 37. Bxc5) 34... Qb3 $19 35. Qxb3 Nxb3 36. Rd3 {[#]} Rcd8 (36... Rxd5 $1 $19 37. Rxb3 (37. Rxd5 Ne3) 37... f6) 37. Rfd1 (37. Rxb3 $17 Rxd5 38. g4) 37... Nbd4 38. Nb4 Rc8 39. Nxa6 Ra7 40. Nb4 Bf8 41. Rh3 $2 (41. g4 {was the only defense.} Nh6 42. h3) 41... Rxa3 42. Rxa3 Bxb4 43. Ra7 Be7 44. Ne4 Rc2 45. Rb1 Kg7 46. Rab7 Nc6 47. Rc7 Nd6 48. Nxd6 Bxd6 49. Rd7 Be7 50. h3 (50. Rc7 $142) 50... Kf6 51. Rc7 Ke6 52. Kg1 e4 53. Kf1 f5 54. Rcb7 Ne5 55. R7b2 Rc4 56. Rb6+ Nc6 57. R6b5 Bc5 58. Rb7 Bd4 59. Rd1 Ne5 60. Rb8 Nd3 61. Re8+ Kf6 62. Rd8 Bc5 63. Ra1 Kg5 64. Rda8 Kf4 65. R8a2 Nb4 66. g3+ Kf3 67. Ra3+ e3 {Black mates.} 68. Kg1 Nc2 69. Rf1+ Kxg3 70. Rd3 f4 {[%cal Bf5f4,Bf4f3][%mdl 32]} 71. Kh1 f3 72. Rg1+ Kf2 73. Kh2 Ke2 74. Rgd1 Rd4 75. Rxd4 Bxd4 {Precision: White = 30%, Black = 76%.} 0-1

[Event "FIDE Zonal 2.5"]
[Site "Villa Martelli-Vicente Lopez"]
[Date "2017.05.05"]
[Round "6"]
[White "Restuccia, Francisco"]
[Black "Sosa, Tomas"]
[Result "0-1"]
[WhiteElo "2118"]
[BlackElo "2459"]
[Annotator "TA"]
[PlyCount "42"]
[EventDate "2017.??.??"]
[EventType "swiss"]
[EventCountry "ARG"]
[SourceTitle "playchess.com"]
[Source "ChessBase"]
[SourceQuality "1"]

{[%evp 10,42,3,8,4,2,4,0,6,8,17,-19,-14,-18,0,-8,-6,0,-3,0,17,-6,-10,-3,-7,-8,-64,-87,-99,-275,-294,-321,-335,-428,-356]} 1. e4 c5 2. Nc3 Nc6 3. Bb5 d6 4. Bxc6+ bxc6 5. d3 {B23: Closed Sicilian: Lines without g3} (5. f4 g6 6. Nf3 Bg7 7. d3 Nf6 8. O-O O-O 9. Qe1 Nd7 10. Kh1 e5 11. f5 gxf5 12. Nh4 f4 13. g3 c4 14. Nf5 cxd3 15. gxf4 Nc5 16. Nxg7 Kxg7 17. b4 Nd7 18. cxd3 {½-½ (50) Rapport,R (2717)-Tan,Z (2496) Danzhou 2016}) 5... e5 6. Nge2 {LiveBook: 6 Games} Be7 7. O-O {The position is equal.} Nf6 8. Kh1 d5 $146 ({Predecessor:} 8... O-O 9. b3 Nh5 10. Rb1 f5 11. f4 fxe4 12. Nxe4 d5 {0-1 (21) Jeenbekov,N-Abdullaev,M Artek 2000}) 9. Ng3 h5 {[%cal Bh7h5,Bh5h4][%mdl 32]} 10. h3 h4 11. Nge2 c4 12. d4 Nxe4 13. Nxe4 dxe4 14. dxe5 Qd5 15. Bd2 Qxe5 16. Bc3 $36 {[%mdl 2048] White fights for an advantage.} Qh5 17. Qd4 ({Don't capture} 17. Bxg7 $2 Rg8 18. Qd4 Qxe2 $19) 17... Qxe2 18. Rae1 Qxc2 {[#] ...Be6 is the strong threat.} 19. Qxg7 $2 (19. Qxc4 $17 {only move.} O-O 20. Re2) 19... Rf8 $19 20. Qe5 Be6 21. Rxe4 O-O-O {Precision: White = 64%, Black = 67%.} 0-1

[Event "FIDE Zonal 2.5"]
[Site "Villa Martelli-Vicente Lopez"]
[Date "2017.05.06"]
[Round "7"]
[White "Mareco, Sandro"]
[Black "Vasquez Schroeder, Rodrigo"]
[Result "1/2-1/2"]
[WhiteElo "2655"]
[BlackElo "2554"]
[Annotator "TA"]
[PlyCount "26"]
[EventDate "2017.??.??"]
[EventType "swiss"]
[EventCountry "ARG"]
[SourceTitle "playchess.com"]
[Source "ChessBase"]
[SourceQuality "1"]

{[%evp 17,26,48,75,60,54,37,45,26,35,24,24]} 1. d4 Nf6 2. c4 e6 3. Nf3 Bb4+ 4. Nbd2 O-O 5. a3 Be7 6. e4 d6 {E11: Bogo-Indian} 7. Be2 c5 8. d5 Nbd7 9. O-O e5 {LiveBook: 4 Games} 10. g3 $146 ({Predecessor:} 10. Ne1 Ne8 11. Nd3 g6 12. b4 b6 13. a4 a5 14. bxa5 bxa5 {½-½ (71) Ding,L (2753)-Leitao,R (2616) Baku 2016}) 10... Ne8 11. Ne1 g6 12. Ng2 Ng7 13. Nb1 f5 1/2-1/2

[Event "FIDE Zonal 2.5"]
[Site "Villa Martelli-Vicente Lopez"]
[Date "2017.05.06"]
[Round "7"]
[White "Peralta, Fernando"]
[Black "Cuberli, Emiliano"]
[Result "1/2-1/2"]
[WhiteElo "2565"]
[BlackElo "2162"]
[Annotator "TA"]
[PlyCount "176"]
[EventDate "2017.??.??"]
[EventType "swiss"]
[EventCountry "ARG"]
[SourceTitle "playchess.com"]
[Source "ChessBase"]
[SourceQuality "1"]

{[%evp 20,176,26,9,12,6,3,8,9,0,4,0,0,0,0,0,0,0,40,37,47,31,33,39,22,19,13,29,14,14,27,0,0,0,0,0,0,0,0,0,0,0,2,0,0,0,6,0,13,0,37,6,114,32,32,32,128,129,109,115,149,75,133,54,49,0,0,0,0,0,0,0,14,14,14,19,12789,6643,7762,4133,6616,5680,5680,5073,1293,0,95,0,1224,95,95,95,95,66,57,8,8,8,8,8,8,8,95,95,95,8,8,8,8,8,8,8,8,8,8,8,8,8,8,8,8,8,8,8,8,8,8,8,8,8,8,8,8,8,8,8,8,8,8,0,0,0,8,8,8,8,8,8,8,8,8,8,8,8,8,8,8,8,8]} 1. Nf3 Nf6 2. c4 e6 3. e3 d5 4. Nc3 dxc4 5. Bxc4 a6 6. a4 c5 7. O-O Be7 8. d4 Nc6 9. dxc5 Qxd1 10. Rxd1 Bxc5 11. h3 Bb4 {D27: Queen's Gambit Accepted: Classical main line: 7 e4!? and 7 a4} 12. Na2 {[%cal Bc3a2,Ba2c1,Bc1b3,Bb3d4][%mdl 32]} (12. Bd2 {is more complex.} O-O 13. Na2 Be7 14. Bc3 Ne4 15. Be2) 12... Be7 13. Bd2 (13. Nc3 b6 14. e4 Bb7 15. Be3 Nb4 16. Bxb6 Nxe4 17. Ne5 {½-½ (51) Kazhgaleyev,M (2637)-Jakovenko,D (2725) France 2010}) 13... O-O $146 ({Predecessor:} 13... Ne4 14. Be1 Bd7 15. b4 Nd6 16. Be2 b5 17. axb5 axb5 18. Nc3 Rb8 19. Nd4 Nxd4 20. Rxd4 Nf5 21. Rdd1 Bxb4 22. Ra7 Bc6 23. Rc7 Ne7 24. Nxb5 Bxe1 {½-½ (24) Maric,A (2443)-Skripchenko,A (2450) New Delhi 2000}) 14. Nc1 b6 15. Nb3 Bb7 16. Be1 Rfc8 17. Rac1 Nb4 18. Ne5 Be4 19. Nd4 Bd5 20. Bxb4 Bxb4 21. Bxd5 Nxd5 22. e4 Nf6 23. Ndc6 Bf8 $1 24. f3 Rc7 25. b4 b5 26. axb5 axb5 27. Ra1 Rxa1 28. Rxa1 Nd7 29. Nxd7 Rxd7 $11 {[%mdl 4096] Endgame KRB-KRN} 30. Ra8 Rc7 31. Ra6 (31. Ne5 {is interesting.} f6 32. Nd3 Kf7 33. Rb8 Rc3 34. Rb7+) 31... g6 32. Rb6 Kg7 33. Kf2 h5 34. g4 h4 35. g5 Rd7 (35... e5 $11) 36. Rxb5 (36. Ke2 $1 $16) 36... Rd2+ $1 $14 37. Ke3 Rh2 (37... Rc2 $14 38. Rb6 Rc3+ 39. Kf4 Bd6+ 40. e5 Rc4+ 41. Ke3 Bf8) 38. Rb7 $16 Rxh3 39. Ne5 Rh1 40. Nxf7 ({Better is} 40. Rxf7+ Kg8 41. Rf6) 40... h3 (40... Rb1 $142) 41. Ne5+ (41. Kf2 $1 $16) 41... Kg8 $14 42. Ng4 {White threatens Nf6+ and mate.} Bd6 43. Nf2 Re1+ 44. Kd2 Rb1 45. Nxh3 Rxb4 46. Rxb4 Bxb4+ $11 {KB-KN} 47. Ke2 e5 $2 {[%mdl 8192]} (47... Bd6 $11) 48. Kd3 $1 $18 {[%cal Rd3c4]} Kf7 49. Kc4 $1 {[%cal Rc4b4]} Bd2 50. Kd5 Bc3 {[#]} 51. Nf2 $1 {[%cal Rf2d3]} Bd2 52. Nh3 $2 (52. Kxe5 $18 {Hoping for f4.} Bxg5 53. Kd6) 52... Bc3 $16 53. Nf2 $2 {[%mdl 8192]} (53. Ng1 $16) 53... Bd2 $1 $18 54. Ng4 $2 (54. Kxe5 $18 {is the precise move to win.} Bxg5 55. Kd6 Bf4+ 56. e5) 54... Bxg5 $16 55. Nxe5+ Kf6 56. Nc6 {Strongly threatening e5+.} Bd2 57. e5+ Kf5 $1 58. Ne7+ Kf4 59. e6 (59. Nxg6+ $5 Kxf3 60. e6 $11) 59... Kxf3 60. Nxg6 Bb4 {[#]} (60... Bg5 $11 {remains equal.}) 61. Ne5+ $1 Kg3 62. Kc6 (62. Ke4 $16) 62... Be7 {The position is equal.} 63. Kd7 Bg5 64. Ke8 Kf4 65. Nc6 Ke4 66. Kf7 Kd5 67. Ne7+ Ke5 68. Ng8 Bd8 69. Nh6 Bg5 70. Ng4+ Kf5 $1 71. Ne3+ Ke5 72. Nc4+ Kd5 73. Nd2 Bd8 74. Nf3 Kd6 75. Nd4 Kd5 76. Nf5 Ke5 77. Ng7 Bh4 78. Kf8 Bf6 79. Kg8 Bg5 80. Kf7 Bh4 81. Ne8 Bd8 82. Nc7 Bh4 83. Nb5 Bd8 84. Na3 $1 Kd5 85. Nc2 $1 Kd6 86. Ne3 Bg5 87. Ng4 {Black must now prevent Nf6.} Bd8 88. Nf6 Ke5 {Precision: White = 77%, Black = 71%.} 1/2-1/2

[Event "FIDE Zonal 2.5"]
[Site "Villa Martelli-Vicente Lopez"]
[Date "2017.05.06"]
[Round "7"]
[White "Valerga, Diego"]
[Black "Morovic Fernandez, Ivan"]
[Result "1-0"]
[WhiteElo "2460"]
[BlackElo "2527"]
[Annotator "TA"]
[PlyCount "81"]
[EventDate "2017.??.??"]
[EventType "swiss"]
[EventCountry "ARG"]
[SourceTitle "playchess.com"]
[Source "ChessBase"]
[SourceQuality "1"]

{[%evp 23,81,24,25,18,23,0,27,16,35,23,33,29,47,40,46,37,57,37,37,33,35,36,222,246,227,213,200,190,171,189,170,156,394,379,398,392,380,375,496,495,652,654,765,695,677,670,617,648,670,630,1066,1045,29975,29976,29976,29977,29983,29984,29984,29985]} 1. e4 c5 2. Nf3 d6 3. d4 cxd4 4. Nxd4 Nf6 5. Nc3 a6 6. Be2 e6 7. O-O Nc6 8. Be3 Bd7 9. a4 Be7 10. f4 Nxd4 11. Qxd4 Bc6 12. Bf3 O-O {LiveBook: 12 Games} 13. Rfd1 {B84: Sicilian Scheveningen: 6 Be2 a6, lines without early Be3} Qc7 {[#]} 14. Qb6 $146 ({Predecessor:} 14. a5 Rac8 15. Qd2 Rfe8 16. Kh1 h6 17. Qf2 Nd7 18. Ne2 Nc5 19. Ng3 Bh4 20. e5 Bxf3 21. Qxf3 {0-1 (52) Stefansson,H (2545)-Hansen,C (2600) Reykjavik 1997}) 14... Qb8 15. a5 {[%cal Ba4a5,Ba5b6][%mdl 32] White has an edge.} Re8 16. Qb3 Nd7 17. Na4 Bd8 18. Nb6 $36 {[%mdl 2048] White has the initiative.} Nxb6 19. axb6 Be7 20. Bf2 a5 21. c4 a4 22. Qd3 Ra6 $2 {[#]} (22... Qc8 $14) 23. b4 $1 $18 {[%cal Rb4b5]} axb3 24. Rxa6 ({Worse is} 24. Qxb3 Rxa1 25. Rxa1 g6 $11) 24... bxa6 25. Qxb3 e5 26. fxe5 dxe5 27. c5 Qb7 $2 (27... Qc8 $16 28. Qc3 Bf6) 28. Be2 Rd8 29. Rxd8+ Bxd8 30. Qd3 Be7 31. Qxa6 Qd7 32. Qa7 {Strongly threatening Qxd7.} Bb7 33. h3 Qc8 34. Bg4 Qc6 35. Qb8+ Bf8 36. Qxe5 h5 37. Bxh5 Qh6 {[#]} 38. Bxf7+ $1 {White mates.} Kxf7 39. Qc7+ Kg8 40. Qxb7 Qc1+ 41. Kh2 {Precision: White = 81%, Black = 51%.} 1-0